7-Letter Vocabulary (Medium) Quiz Stats

 Plays Quiz Updated Jun 23, 2017

Support Sporcle.
Go Orange.
Score 0/25 Timer 06:00
2 Plays Today
% Correct
ukulele
95.3%
scalpel
95.3%
auditor
94.7%
nurture
94.7%
vacancy
94%
habitat
94%
tantrum
94%
ufology
93.7%
optical
93.5%
impeach
93.2%
ecstasy
92.9%
discord
91.5%
buoyant
91.3%
% Correct
factoid
91%
mundane
90.5%
nomadic
89.7%
jocular
89.6%
quantum
88.9%
regency
87.3%
migrate
85.4%
igneous
84.5%
lection
82.6%
nocuous
81.5%
oblique
81.5%
diurnal
81.2%

You're not logged in!

Compare scores with friends on all Sporcle quizzes.
OR
Log In
Forgot?

From the Vault

Final Fantasy Playable Characters

by montecarlo

They didn't spend a lot of time naming those characters in early Final Fantasy games.
Remove Ads.
Support Sporcle.
Get the best of Sporcle when you Go Orange. This ad-free experience offers more features, more stats, and more fun while also helping to support Sporcle. Thank you for becoming a member.

Show Comments

Extras

Top Quizzes Today


Score Distribution

Your Account Isn't Verified!

In order to create a playlist on Sporcle, you need to verify the email address you used during registration. Go to your Sporcle Settings to finish the process.

Report this User

Report this user for behavior that violates our Community Guidelines.

Details: